000 01640nam2a2200253 4500
001 RU\NLR\BIBL_A\022795415
005 20260503064524.0
035 _a(NLR Aleph) 022795415
090 _a13700144
_c13700144
100 _a20061002d1899 u y0rusy50 ca
101 1 _arus
_cger
102 _aRU
105 _ay z 000yy
200 0 _a[Т. 2], вып. 8
210 _d1899
215 _a[2] с., с. 369–588, IV с.
309 _aБез тит. л. Описано по обл.
461 0 _1001v19\rc\1601368
_12001#$aИстория человеческой культуры с очерком форм государственнаго правления, политики, развития свободы и благосостояния народов$fГ. Фр. Кольб$gперевод с 3-го переработаннаго и значительно дополненнаго, немецкаго издания, под редакцией А. А. Рейнгольдта$v[Т. 2], вып. 8
_1700#1$aКольб$bГ. Ф.$f1800-1884$gГеорг Фридрих
_94367538
_aКольб, Г. Ф. (1808-1884)
_cКиев
_d1896–1899
_fГ. Фр. Кольб
_nЮжно-Русское Книгоизд-во Ф. А. Иогансона
_tИстория человеческой культуры с очерком форм государственнаго правления, политики, развития свободы и благосостояния народов
_v[Т. 2], вып. 8
852 _aNLR
_j18.192.7.35(8)
852 _aNLR
_j33-4/861(8)
942 _cBOOK
980 _aNB